Graph theory ; with applications to engineering and computer (Record no. 168311)

000 -LEADER
fixed length control field 00361nam a2200121Ia 4500
008 - FIXED-LENGTH DATA ELEMENTS--GENERAL INFORMATION
fixed length control field 220217s9999||||xx |||||||||||||| ||und||
020 ## - INTERNATIONAL STANDARD BOOK NUMBER
International Standard Book Number 81-203-0145-5
100 ## - MAIN ENTRY--PERSONAL NAME
Personal name Deo, Narsingh
9 (RLIN) 928
245 #0 - TITLE STATEMENT
Title Graph theory ; with applications to engineering and computer
260 ## - PUBLICATION, DISTRIBUTION, ETC.
Place of publication, distribution, etc. Prenice hall of India
Name of publisher, distributor, etc. New Delhi
Date of publication, distribution, etc. 2000
300 ## - PHYSICAL DESCRIPTION
Other physical details 150
650 ## - SUBJECT ADDED ENTRY--TOPICAL TERM
Topical term or geographic name entry element MATHEMATICS
Holdings
Withdrawn status Lost status Damaged status Not for loan Collection code Home library Current library Shelving location Date acquired Barcode Date last seen Price effective from Koha item type
        Humanity Science Central Library Central Library Book Cart 02/18/2022 3500 02/18/2022 02/18/2022 Books

Powered by Koha